Statistics for Newcastle upon Tyne

Click here to take the quiz!

General Stats

  • This quiz has been taken 868 times
  • The average score is 8 of 20

Answer Stats

HintAnswer% Correct
Where do Newcastle united play their games? (not the rebranded name)St James' Park
91%
In which county is Newcastle upon Tyne?Tyne and Wear
87%
What regional nickname do people from Newcastle have?Geordie
83%
What is Newcastle's answer to the Tube?Metro
83%
They first met working on Byker Grove and have now won numerous awards for presenting, who are they?Ant and Dec
77%
What is the name of the city shopping centre opened in 1960?Eldon Square
73%
At which Hospital in the City is the A&E department now found?Royal Victoria Infirmary
62%
Which iconic NUFC player had a bar named after them until it's recent name change?Alan Shearer
53%
Which street has been named one of the finest streets in England?Grey Street
39%
What long running event is held on the Town Moor every summer?The Hoppings
34%
In what year did the Great North Run begin?1981
29%
Gordon Matthew Thomas Sumner is better know as?Sting
26%
What is the name of Newcastle's local Newspaper?Evening Chronicle
23%
Fill in the Blank. Taking _______ to Newcastle.Coals
20%
In what year was the Tyne Bridge officially opened?1928
19%
In which Yorkshire town is Newcastle Brown Ale now brewed?Tadcaster
12%
Hadrian's Wall can still be seen in areas of the city, but how long in miles was the wall?73
11%
Nelson's successor after Trafalgar was born in Newcastle upon Tyne in 1748. What was his surname?Collingwood
11%
Norman Foster designed which (technically Gateshead located) quayside building?The Sage Gateshead
5%
In which year did the Theatre Royal first open?1837
3%

Score Distribution

Percentile by Number Answered

Percent of People with Each Score

Your Score History

You have not taken this quiz